عرض عادي عرض مارك
  • Physiology, Pathological

مدخل مصطلح موضوعي

عدد التسجيلات المستخدمة في: 2

001 - رقم الضبط

  • حقل الضبط: 10649

003 - معرف رقم الضبط

  • حقل الضبط: OSt

005 - تاريخ ووقت أخر عملية

  • حقل الضبط: 20120411010754.0

008 - عناصر بيانات ثابتة الطول

  • حقل تحكم ثابت الطول: 120411|||a|||||| | ||| d

040 ## - مصدر الفهرسة

  • هيئة الفهرسة الأصلية: OSt
  • وكالة الكتابة: OSt

150 ## - مدخل-- مصطلح تاريخي

  • عنصر مدخل المصطلح الموضوعي او الاسم الجغرافي: Physiology, Pathological
  • تفريع شكلي: Handbooks, manuals, etc.

670 ## - بيانات المصدر موجوده

  • الاستشهاد بالمصدر: Work cat.: (OSt)0: Martini, Frederic. 10616, A&P applications manual /, c2012.